01169nam a2200265 a 4500008004100000020001500041050001300056100002100069245011100090260004400201300001600245350000900261490005900270500009200329650003100421650001200452650003900464650001500503650005800518700002100576710008200597995008700679999001700766952012000783120416s1999 ||||||||||||||||| || u a9041197281 aK 81 Int aHeinrich, Gregor10aInternational bank insolvencies: a central bank perspectivecedited by Mario Giovanoli and Gregor Heinrich aLondon:bKluwer Law Internationalc1999 axlv, 432 p. a0.00 aInternational banking, finance and economic law series aAt head of title: SMU Institute of International Banking and Finance, Dallas, Texas ... aBANKS AND BANKING, CENTRAL aBANKING aBANK FAILURES--LAW AND LEGISLATION aBANKRUPTCY aBANKING AND BANKS, INTERNATIONAL--LAW AND LEGISLATION aGiovanoli, Mario aSouthern Methodist University. Institute of International Banking and Finance D0.00FCBU-MAIN LIBRARY (Kitwe)H1I0.00M1UAVAILABLEZAnnex Low-Usage Collection  c47287d47287 00102lcc4070a001b001cAnnex Low-Usage Collection d2022-11-30l0oK 81 Intp45369r2022-11-30w2022-11-30y002